Skip to main content
Your cart is empty.
Your lists
Log in to create your own lists
Your cookies
العربية
English
العربية
Home
Search
Advanced search
Authority search
About
The noble scholar, jurist, historian
His Excellency Dr. Abdul Wahhab bin Ibrahim Abu Sulaiman, may Allah have mercy on him.
He was born in Umm Al-Qura in the year 1356 AH.
Library catalog
Title
Author
Subject
ISBN
ISSN
Series
Call number
Log in to your account
×
Login:
Password:
Home
MARC view: التدخين بين العلم والدين /
Normal view
MARC view
ISBD view
التدخين بين العلم والدين / (Record no. 9108)
[
view plain
]
MARC details
000 -LEADER
fixed length control field
01971cam a2200289 i 4500
003 - CONTROL NUMBER IDENTIFIER
control field
SA-RiAUC
005 - DATE AND TIME OF LATEST TRANSACTION
control field
20250620154742.0
008 - FIXED-LENGTH DATA ELEMENTS--GENERAL INFORMATION
fixed length control field
250614s2007 ts g f000 0 ara c
024 0# - OTHER STANDARD IDENTIFIER
Standard number or code
00000000989378
040 ## - CATALOGING SOURCE
Original cataloging agency
SA-JeALM
Language of cataloging
ara
Transcribing agency
SA-RiAUC
Modifying agency
AE-DuMBRL
Description conventions
rda
050 #4 - LIBRARY OF CONGRESS CALL NUMBER
Item number
A36 2007
082 04 - DEWEY DECIMAL CLASSIFICATION NUMBER
Classification number
214.61385
Assigning agency
SA-RiAUC
090 ## - LOCALLY ASSIGNED LC-TYPE CALL NUMBER (OCLC); LOCAL CALL NUMBER (RLIN)
Classification number (OCLC) (R) ; Classification number, CALL (RLIN) (NR)
214.61385
Local cutter number (OCLC) ; Book number/undivided call number, CALL (RLIN)
ا ح م
100 1# - MAIN ENTRY--PERSONAL NAME
Personal name
أحمد، سيد المهدي
Relator term
مؤلف.
245 12 - TITLE STATEMENT
Title
التدخين بين العلم والدين /
Statement of responsibility, etc.
سيد المهدي أحمد.
250 ## - EDITION STATEMENT
Edition statement
الطبعة الأولى.
264 #1 - PRODUCTION, PUBLICATION, DISTRIBUTION, MANUFACTURE, AND COPYRIGHT NOTICE
Place of production, publication, distribution, manufacture
دبي، الإمارات العربية المتحدة :
Name of producer, publisher, distributor, manufacturer
دائرة الأوقاف والشؤون الإسلامية،
Date of production, publication, distribution, manufacture, or copyright notice
2004
300 ## - PHYSICAL DESCRIPTION
Extent
112 صفحة ؛
Dimensions
24 × 17 سم
336 ## - CONTENT TYPE
Content type term
نص
Content type code
txt
Source
rdacontent
Materials specified
كتاب
337 ## - MEDIA TYPE
Media type term
بدون وسيط
Media type code
n
Source
rdamedia
338 ## - CARRIER TYPE
Carrier type term
مجلد
Carrier type code
nc
Source
rdacarrier
505 0# - FORMATTED CONTENTS NOTE
Formatted contents note
المحتويات:-تمهيد-تعريف التدخين، لمحة تاريخية، مكونات دخان السيجارة، وسائل التدخين وأشكاله، بداية التدخين واستمراره، شخصية المدخن وأنماط التدخين، الأضرار المادية الناجمة عن التدخين، تأثير التدخين على الصحة العامة، تأثير التدخين على أجهزة الجسم المختلفة، التدخين والإدمان، الشريعة الإسلامية والتدخين، آراء الفقهاء في التدخين، محاولات حظر الدخان وجهود مجلس التعاون الخليجي، كيف تقلع عن التدخين، أقوال في التدخين (نثرا وشعرا)، الخاتمة: قصص وعبر.
650 #7 - SUBJECT ADDED ENTRY--TOPICAL TERM
Topical term or geographic name entry element
الإسلام والتدخين
Source of heading or term
aucsh
942 ## - ADDED ENTRY ELEMENTS (KOHA)
Source of classification or shelving scheme
Dewey Decimal Classification
Koha item type
Books
Suppress in OPAC
No
949 ## - LOCAL PROCESSING INFORMATION (OCLC)
a
SA-JeALM
d
250614
u
mohamedma123
n
1
Holdings
Withdrawn status
Lost status
Source of classification or shelving scheme
Damaged status
Not for loan
Home library
Current library
Date acquired
Total checkouts
Full call number
Barcode
Date last seen
Price effective from
Koha item type
Dewey Decimal Classification
DR AbdElwahab Library
DR AbdElwahab Library
06/20/2025
214.61385 ا ح م
000014883
06/20/2025
06/20/2025
Books
Place hold
Print
Add to your cart
(remove)
Save record
BIBTEX
Dublin Core
MARCXML
MARC (non-Unicode/MARC-8)
MARC (Unicode/UTF-8)
MARC (Unicode/UTF-8, Standard)
MODS (XML)
RIS
ISBD
More searches
Search for this title in:
Other Libraries (WorldCat)
Other Databases (Google Scholar)
Online Stores (Bookfinder.com)
Open Library (openlibrary.org)
Exporting to Dublin Core...
×
Simple DC-RDF
OAI-DC
SRW-DC